00206nam a2200085Ia 4500008004100000100002000041245003500061942000700096999001700103120527s9999 xx 000 0 und d aCHIQUITO, Burgy aCaminos with action the manual cBK c25435d25435